| 000 | 00578nam a2200241 a 4500 | ||
|---|---|---|---|
| 001 | nice12345678 | ||
| 003 | IN_TiNIC | ||
| 005 | 20260116011344.0 | ||
| 008 | 050524s0000 naga grp 000 0 per | ||
| 020 |
_a _c0 |
||
| 082 | 0 | 0 |
_a297.93 _bTAL |
| 100 | _aTalimat-E-Bahai, | ||
| 245 |
_aTalimat-E-Bahai _b Bahaism in Persian. |
||
| 260 |
_aNagpur _b _c0000 |
||
| 300 | _a14p | ||
| 500 | _aincludes index and biblioraphy | ||
| 505 | 2 | _aPlus Some Other Tracts | |
| 650 | _aBahai Faith | ||
| 700 | 1 | _aTalimat-E-Bahai, | |
| 902 | _bRBA | ||
| 942 | _cBK | ||
| 999 |
_c796 _d796 |
||